| 000 | 00538cam a22001457a 4500 | ||
|---|---|---|---|
| 008 | 180718b1998 xxu||||| |||| 00| 0 eng d | ||
| 082 | _aAPPPA 97-98 TRI/29 | ||
| 100 | _aTrivedi, Suneeta | ||
| 245 |
_aSustainable development and privatisation: challenges to the traditional role and future prospects for India post _cby Suneeta Trivedi |
||
| 260 |
_aNew Delhi _bIndian Institute of Public Administration _c1998 |
||
| 300 | _av.p. | ||
| 500 | _aAn APPPA M.Phil. dissertation, 1997-98 | ||
| 650 | _aAPPPA | ||
| 650 | _aPrivatization - India | ||
| 999 |
_c485649 _d485649 |
||